Dịch từ Hán sang Việt: một khoa học, một nghệ thuật

Guardat en:
Dades bibliogràfiques
Autor principal: Viện nghiện cứu Hán Nôm
Format: Llibre
Idioma:Undetermined
Publicat: Hà Nội KHXH 1982
Matèries:
Etiquetes: Afegir etiqueta
Sense etiquetes, Sigues el primer a etiquetar aquest registre!
Thư viện lưu trữ: Trung tâm Học liệu Trường Đại học Cần Thơ
LEADER 00545nam a2200169Ia 4500
001 CTU_571
008 210402s9999 xx 000 0 und d
082 |a 495.922 
082 |b D302t 
100 |a Viện nghiện cứu Hán Nôm 
245 0 |a Dịch từ Hán sang Việt: một khoa học, một nghệ thuật 
245 0 |c Viện nghiện cứu Hán Nôm 
260 |a Hà Nội 
260 |b KHXH 
260 |c 1982 
650 |a vietnamese language 
980 |a Trung tâm Học liệu Trường Đại học Cần Thơ